[Event "AUTO-OPEN-281"]
[Site "http://www.queenalice.com/game.php?id=72748"]
[Date "2006.5.29"]
[Round "1"]
[White "clauberfm"]
[Black "grobian"]
[Result "1-0"]
[WhiteElo "1920"]
[BlackElo "1569"]

1. d4 d5 2. c4 Nf6 3. e3 Bf5 4. Nc3 c6 5. Qb3 b6 6. Nf3 e6 7. cxd5 exd5 8. h3
Nbd7 9. Bd2 Qe7 10. a3 O-O-O 11. Ba6+ Kb8 12. Na4 Ne4 13. Bb4 c5 14. dxc5 Ndxc5
15. Bxc5 Nxc5 16. Nxc5 Qxc5 17. O-O Be7 18. Rac1 Qd6 19. Nd4 Bd7 20. a4 Qe5 21.
a5 Bd6 22. f4 Qf6 23. axb6 Bc5 24. bxa7+ Kxa7 25. Qb7# 1-0

[Event "AUTO-OPEN-281"]
[Site "http://www.queenalice.com/game.php?id=72749"]
[Date "2006.5.29"]
[Round "1"]
[White "grobian"]
[Black "clauberfm"]
[Result "0-1"]
[WhiteElo "1754"]
[BlackElo "1807"]

1. e4 c5 2. Nf3 Nc6 3. Bc4 e6 4. O-O a6 5. d3 b5 6. Bb3 Bb7 7. Ng5 Be7 8. h4 h6
9. Nf3 Bxh4 10. Nxh4 Qxh4 11. Qf3 Nd4 12. Qf4 Ne2# 0-1

[Event "AUTO-OPEN-281"]
[Site "http://www.queenalice.com/game.php?id=72760"]
[Date "2006.5.29"]
[Round "1"]
[White "CowboyNoel"]
[Black "grobian"]
[Result "1-0"]
[WhiteElo "1502"]
[BlackElo "1453"]

1. e4 e5 2. Nc3 Nf6 3. Nf3 Nc6 4. Bc4 Bc5 5. d3 O-O 6. Ng5 h6 7. Bxf7+ Rxf7 8.
Nd5 Nxd5 9. Nxf7 Kxf7 10. Qh5+ Kg8 11. Qg4 1-0

[Event "AUTO-OPEN-281"]
[Site "http://www.queenalice.com/game.php?id=72761"]
[Date "2006.5.29"]
[Round "1"]
[White "grobian"]
[Black "CowboyNoel"]
[Result "0-1"]
[WhiteElo "1439"]
[BlackElo "1516"]

1. e4 e5 2. f4 Nc6 3. Nf3 exf4 4. Bc4 Bb4 5. c3 Bc5 6. d4 Be7 7. Bxf4 Nh6 8. O-O
Ng4 9. h3 Nh6 10. Bxh6 gxh6 11. d5 Na5 0-1

[Event "AUTO-ELITE-56"]
[Site "http://www.queenalice.com/game.php?id=73248"]
[Date "2006.5.31"]
[Round "1"]
[White "miguelvidal"]
[Black "grobian"]
[Result "1-0"]
[WhiteElo "1882"]
[BlackElo "1511"]

1. e4 e5 2. Nf3 Nc6 3. Bb5 Qf6 4. O-O Nge7 5. d4 exd4 6. Bg5 Qe6 7. Bxe7 Bxe7 8.
Bxc6 Qxc6 9. Qxd4 Qxc2 10. Qxg7 Rf8 11. Na3 Qxb2 12. Qxb2 1-0

[Event "AUTO-ELITE-56"]
[Site "http://www.queenalice.com/game.php?id=73249"]
[Date "2006.5.31"]
[Round "1"]
[White "grobian"]
[Black "miguelvidal"]
[Result "0-1"]
[WhiteElo "1458"]
[BlackElo "1884"]

1. e4 e6 2. d4 d5 3. e5 c5 4. Nf3 Nc6 5. dxc5 Bxc5 6. Bb5 Ne7 7. O-O Qb6 8. Nc3
Bd7 9. a4 a6 10. a5 Nxa5 11. Bxd7+ Kxd7 12. Na4 Qb5 0-1

[Event "AUTO-OPEN-288"]
[Site "http://www.queenalice.com/game.php?id=74766"]
[Date "2006.6.6"]
[Round "1"]
[White "grobian"]
[Black "Railton"]
[Result "0-1"]
[WhiteElo "1509"]
[BlackElo "1640"]

1. c4 Nf6 2. Nc3 g6 3. e4 e5 4. d3 Bg7 5. g4 d6 6. g5 Nh5 7. Bg2 Nf4 8. Bxf4
exf4 9. Nf3 Bg4 10. O-O Nc6 11. h3 Bxf3 12. Qxf3 Nd4 13. Qd1 Qxg5 14. Qd2 Nf3+
0-1

[Event "AUTO-OPEN-288"]
[Site "http://www.queenalice.com/game.php?id=74767"]
[Date "2006.6.6"]
[Round "1"]
[White "Railton"]
[Black "grobian"]
[Result "1-0"]
[WhiteElo "1608"]
[BlackElo "1561"]

1. Nf3 d5 2. d4 Nc6 3. g3 Bf5 4. Bg2 e6 5. Bg5 f6 6. Bd2 Qe7 7. O-O O-O-O 8. a3
Nh6 9. Bb4 Nxb4 10. axb4 Qxb4 11. b3 Bd6 12. Rxa7 Kb8 13. Ra4 Qb6 14. Nc3 1-0

[Event "AUTO-OPEN-288"]
[Site "http://www.queenalice.com/game.php?id=74768"]
[Date "2006.6.6"]
[Round "1"]
[White "grobian"]
[Black "allexxxanddre"]
[Result "0-1"]
[WhiteElo "1444"]
[BlackElo "1532"]

1. e4 d6 2. Nf3 Nf6 3. Nc3 g6 4. d4 Bg7 5. Bc4 e6 6. O-O O-O 7. Re1 Bd7 8. Bg5
Nc6 9. e5 d5 10. Bb5 a6 0-1